<?xml version="1.0" encoding="UTF-8"?>
<record
    xmlns:xsi="http://www.w3.org/2001/XMLSchema-instance"
    xsi:schemaLocation="http://www.loc.gov/MARC21/slim http://www.loc.gov/standards/marcxml/schema/MARC21slim.xsd"
    xmlns="http://www.loc.gov/MARC21/slim">

  <leader>03429nam a2200337 a 4500</leader>
  <controlfield tag="001">000015118</controlfield>
  <controlfield tag="003">DO-SdBNP</controlfield>
  <controlfield tag="005">20250410114557.0</controlfield>
  <controlfield tag="007">ta</controlfield>
  <controlfield tag="008">100201s2005    dr c          001 0 spa d</controlfield>
  <datafield tag="020" ind1=" " ind2=" ">
    <subfield code="z">9993490903</subfield>
  </datafield>
  <datafield tag="040" ind1=" " ind2=" ">
    <subfield code="a">DO-SdBNP</subfield>
    <subfield code="b">spa</subfield>
    <subfield code="c">BNPHU</subfield>
    <subfield code="e">rda</subfield>
  </datafield>
  <datafield tag="082" ind1=" " ind2="4">
    <subfield code="a">972.93054</subfield>
    <subfield code="b">S471g, 2005</subfield>
    <subfield code="2">22</subfield>
  </datafield>
  <datafield tag="111" ind1="2" ind2=" ">
    <subfield code="a">Seminario sobre la Revoluci&#xF3;n de 1965.</subfield>
    <subfield code="d">(22-24 de mayo de 2002 :</subfield>
    <subfield code="c">Santo Domingo, Rep&#xFA;blica Dominicana)</subfield>
    <subfield code="9">6986</subfield>
  </datafield>
  <datafield tag="245" ind1="1" ind2="0">
    <subfield code="a">Guerra de abril :</subfield>
    <subfield code="b">inevitabilidad de la historia ; edici&#xF3;n, S&#xF3;crates Suazo Ruiz ; correcci&#xF3;n, Jos&#xE9; Galv&#xE1;n, Alejandro Arvelo</subfield>
  </datafield>
  <datafield tag="250" ind1=" " ind2=" ">
    <subfield code="a">segunda edici&#xF3;n</subfield>
  </datafield>
  <datafield tag="264" ind1=" " ind2=" ">
    <subfield code="a">Santo Domingo :</subfield>
    <subfield code="b">Editora Comisi&#xF3;n Permanente de Efem&#xE9;rides Patrias,</subfield>
    <subfield code="c">2005.</subfield>
  </datafield>
  <datafield tag="300" ind1=" " ind2=" ">
    <subfield code="a">466 p&#xE1;ginas :</subfield>
    <subfield code="b">retratos ;</subfield>
    <subfield code="c">23 cm.</subfield>
  </datafield>
  <datafield tag="336" ind1=" " ind2=" ">
    <subfield code="a">texto</subfield>
    <subfield code="b">txt</subfield>
    <subfield code="2">rdacontent</subfield>
  </datafield>
  <datafield tag="337" ind1=" " ind2=" ">
    <subfield code="a">sin mediaci&#xF3;n</subfield>
    <subfield code="b">n</subfield>
    <subfield code="2">rdamedia</subfield>
  </datafield>
  <datafield tag="338" ind1=" " ind2=" ">
    <subfield code="a">volumen</subfield>
    <subfield code="b">nc</subfield>
    <subfield code="2">rdacarrier</subfield>
  </datafield>
  <datafield tag="505" ind1="0" ind2=" ">
    <subfield code="a">Combate y captura de la Fortaleza Ozama /</subfield>
    <subfield code="r">Robinson Brea Gar&#xF3; --</subfield>
    <subfield code="t">Asalto y toma de la Fortaleza Ozama por las fuerzas armadas constitucionales en la Revoluci&#xF3;n de abril de 1965 /</subfield>
    <subfield code="r">Rafael E. Ubiera Padua --</subfield>
    <subfield code="t">Comando de apoyo al Movimento Constitucionalista 24 de abril de 1965 /</subfield>
    <subfield code="r">Jos&#xE9; Fco. Margarejo de Le&#xF3;n --</subfield>
    <subfield code="t">Combates del 14,15, y 16 de junio en el marco del cerco a los constitucionalistas /</subfield>
    <subfield code="r">Marcelo Abreu --</subfield>
    <subfield code="t">Juan Bosch y la Constituci&#xF3;n de 1963: Causas que dieron origen a la Guerra de Abril /</subfield>
    <subfield code="r">Ram&#xF3;n Andr&#xE9;s Blanco Fern&#xE1;ndez --</subfield>
    <subfield code="t">G&#xF3;mez y su dimensi&#xF3;n dentro de la Guerra de Abril de 1965 /</subfield>
    <subfield code="r">Rafael (Fafa)Taveras --</subfield>
    <subfield code="t">El Doctor Balaguer, el Partido Reformista y su incidencia sobre los acontecimientos de abril de 1965 /</subfield>
    <subfield code="r">R. A. Font Bernard --</subfield>
    <subfield code="t">El papel de la mujer combatiente en la Guerra de Abril de 1965 /</subfield>
    <subfield code="r">Teresa Espaillat --</subfield>
    <subfield code="t">El papel de la mujer combatiente en la Guerra de Abril de 1965 /</subfield>
    <subfield code="r">Lipe Collado --</subfield>
    <subfield code="t">La poes&#xED;a en la guerra /</subfield>
    <subfield code="r">Mateo Morrison --</subfield>
    <subfield code="t">Las izquierdas, el PRD y los militares en la Revoluci&#xF3;n de abril /</subfield>
    <subfield code="r">Narciso Isa Conde --</subfield>
    <subfield code="t">Antecedentes y evoluci&#xF3;n de la ca&#xED;da del Presidente Juan Bosch /</subfield>
    <subfield code="r">Mario Reid Vittini --</subfield>
    <subfield code="t">Constituci&#xF3;n, revoluci&#xF3;n y defensa nacional /</subfield>
    <subfield code="r">Pedro Manuel Casals Victoria --</subfield>
    <subfield code="t">El 24 de abril y sus or&#xED;genes /</subfield>
    <subfield code="r">Vinicio Castillo R. --</subfield>
    <subfield code="t">Evoluci&#xF3;n de la guerra fratricida a la guerra patria /</subfield>
    <subfield code="r">Rafael Chaljub Mej&#xED;a --</subfield>
    <subfield code="t">El Movimiento Obrero en la Guerra de abril de 1965 /</subfield>
    <subfield code="r">Almanzor Gonz&#xE1;lez Canahuate --</subfield>
    <subfield code="t">Los motivos de la intervenci&#xF3;n norteamericana de 1965 en R.D. /</subfield>
    <subfield code="r">Ubi Rivas --</subfield>
    <subfield code="t">El papel de la Fundaci&#xF3;n William Jonier Center para el estudio de las guerras y sus consecuencias /</subfield>
    <subfield code="r">Paul L. Atwood --</subfield>
    <subfield code="t">La contienda b&#xE9;lica en la Rep&#xFA;blica Dominicana vista por un miembro de la FIP /</subfield>
    <subfield code="r">Daniel Idoyaga Mendoza --</subfield>
    <subfield code="t">Consideraciones generales sobre el asalto al Hotel Matum en Santiago /</subfield>
    <subfield code="r">Lorenzo Senci&#xF3;n Silverio --</subfield>
    <subfield code="g">Gr&#xE1;ficas del Primer Seminario sobre la Guerra de Abril de 1965 --</subfield>
  </datafield>
  <datafield tag="505" ind1="0" ind2=" ">
    <subfield code="a">Bibliograf&#xED;a --</subfield>
    <subfield code="t">Cronolog&#xED;a de la crisis dominicana de 1965/</subfield>
    <subfield code="r">Hamlet Germ&#xE1;n --</subfield>
    <subfield code="t">La Guerra de abril: cronolog&#xED;a y antecedentes /</subfield>
    <subfield code="r">V&#xED;ctor Grimaldi --</subfield>
    <subfield code="g">&#xCD;ndice onom&#xE1;stico.</subfield>
  </datafield>
  <datafield tag="590" ind1=" " ind2=" ">
    <subfield code="a">Inventariado, 2019/MFF</subfield>
  </datafield>
  <datafield tag="651" ind1=" " ind2="4">
    <subfield code="a">Rep&#xFA;blica Dominicana</subfield>
    <subfield code="x">Historia</subfield>
    <subfield code="y">Revoluci&#xF3;n, 1965</subfield>
    <subfield code="x">Congresos, conferencias, etc.</subfield>
    <subfield code="9">6987</subfield>
  </datafield>
  <datafield tag="700" ind1="1" ind2=" ">
    <subfield code="a">Suazo Ruiz, S&#xF3;crates, </subfield>
    <subfield code="e">editor</subfield>
    <subfield code="4">ed.</subfield>
    <subfield code="9">10239</subfield>
  </datafield>
  <datafield tag="700" ind1="1" ind2=" ">
    <subfield code="a">Arvelo, Alejandro,</subfield>
    <subfield code="e">corrector</subfield>
    <subfield code="4">corr.</subfield>
    <subfield code="9">147</subfield>
  </datafield>
  <datafield tag="700" ind1="1" ind2=" ">
    <subfield code="a">Galv&#xE1;n, Jos&#xE9;,</subfield>
    <subfield code="e">corrector</subfield>
    <subfield code="4">corr.</subfield>
    <subfield code="9">22673</subfield>
  </datafield>
  <datafield tag="910" ind1=" " ind2=" ">
    <subfield code="a">Validado. Control de calidad MMOLINA</subfield>
  </datafield>
  <datafield tag="942" ind1=" " ind2=" ">
    <subfield code="2">ddc</subfield>
    <subfield code="c">LBS1</subfield>
  </datafield>
  <datafield tag="952" ind1=" " ind2=" ">
    <subfield code="0">0</subfield>
    <subfield code="1">0</subfield>
    <subfield code="2">ddc</subfield>
    <subfield code="5">6</subfield>
    <subfield code="7">0</subfield>
    <subfield code="8">DS</subfield>
    <subfield code="a">BNPHU</subfield>
    <subfield code="b">BNPHU</subfield>
    <subfield code="c">HD</subfield>
    <subfield code="d">2010-02-01</subfield>
    <subfield code="l">0</subfield>
    <subfield code="o">BNPHU DS 972.93054 S471g 2005</subfield>
    <subfield code="p">15118-30</subfield>
    <subfield code="r">2020-06-25</subfield>
    <subfield code="t">e.3</subfield>
    <subfield code="w">2020-06-25</subfield>
    <subfield code="y">LBS1</subfield>
    <subfield code="Z">Pr&#xE9;stamo en sala</subfield>
  </datafield>
  <datafield tag="952" ind1=" " ind2=" ">
    <subfield code="0">0</subfield>
    <subfield code="1">0</subfield>
    <subfield code="2">ddc</subfield>
    <subfield code="5">6</subfield>
    <subfield code="7">0</subfield>
    <subfield code="8">DS</subfield>
    <subfield code="a">BNPHU</subfield>
    <subfield code="b">BNPHU</subfield>
    <subfield code="c">HD</subfield>
    <subfield code="d">2010-02-01</subfield>
    <subfield code="l">0</subfield>
    <subfield code="o">BNPHU DS 972.93054 S471g 2005</subfield>
    <subfield code="p">15118-40</subfield>
    <subfield code="r">2020-06-25</subfield>
    <subfield code="t">e.4</subfield>
    <subfield code="w">2020-06-25</subfield>
    <subfield code="y">LBS1</subfield>
    <subfield code="Z">Pr&#xE9;stamo en sala</subfield>
  </datafield>
  <datafield tag="952" ind1=" " ind2=" ">
    <subfield code="0">0</subfield>
    <subfield code="1">0</subfield>
    <subfield code="2">ddc</subfield>
    <subfield code="5">1</subfield>
    <subfield code="7">0</subfield>
    <subfield code="8">PD</subfield>
    <subfield code="a">BNPHU</subfield>
    <subfield code="b">BNPHU</subfield>
    <subfield code="c">HD</subfield>
    <subfield code="d">2010-02-01</subfield>
    <subfield code="l">0</subfield>
    <subfield code="o">BNPHU PD 972.93054 S471g 2005</subfield>
    <subfield code="p">15118-10</subfield>
    <subfield code="r">2020-06-25</subfield>
    <subfield code="w">2020-06-25</subfield>
    <subfield code="y">LBS1</subfield>
    <subfield code="Z">No se presta</subfield>
  </datafield>
  <datafield tag="952" ind1=" " ind2=" ">
    <subfield code="0">0</subfield>
    <subfield code="1">0</subfield>
    <subfield code="2">ddc</subfield>
    <subfield code="5">1</subfield>
    <subfield code="7">0</subfield>
    <subfield code="8">PD</subfield>
    <subfield code="a">BNPHU</subfield>
    <subfield code="b">BNPHU</subfield>
    <subfield code="c">HD</subfield>
    <subfield code="d">2010-02-01</subfield>
    <subfield code="l">0</subfield>
    <subfield code="o">BNPHU PD 972.93054 S471g 2005</subfield>
    <subfield code="p">15118-20</subfield>
    <subfield code="r">2020-06-25</subfield>
    <subfield code="t">e.2</subfield>
    <subfield code="w">2020-06-25</subfield>
    <subfield code="y">LBS1</subfield>
    <subfield code="Z">No se presta</subfield>
  </datafield>
  <datafield tag="952" ind1=" " ind2=" ">
    <subfield code="0">0</subfield>
    <subfield code="1">0</subfield>
    <subfield code="2">ddc</subfield>
    <subfield code="5">6</subfield>
    <subfield code="7">0</subfield>
    <subfield code="8">DS</subfield>
    <subfield code="a">BNPHU</subfield>
    <subfield code="b">BNPHU</subfield>
    <subfield code="c">HD</subfield>
    <subfield code="d">2024-09-10</subfield>
    <subfield code="e">Donado por Emilio Cordero Michel</subfield>
    <subfield code="l">0</subfield>
    <subfield code="o">BNPHU DS 972.93054 S471g, 2005</subfield>
    <subfield code="p">2024-5299</subfield>
    <subfield code="r">2024-09-10</subfield>
    <subfield code="t">e.5</subfield>
    <subfield code="w">2024-09-10</subfield>
    <subfield code="y">LBS1</subfield>
  </datafield>
  <datafield tag="999" ind1=" " ind2=" ">
    <subfield code="c">14690</subfield>
    <subfield code="d">14690</subfield>
  </datafield>
</record>
